000 00640cab a2200229 4500
001 ABS55565
008 090401t xxu||||| |||| 00| 0 eng d
035 _a(Sirsi) u17346
041 _aeng
100 _aThomas, G.
245 _aVoyages of discovery
260 _c261(7952) 2 August 1996. 30(1)
350 _a0
490 _aBuilding
_v261(7952) 2 August 1996. 30(1)
520 _aDiscusses proposals to streamline discovery procedures in light of Lord Woolf`s "Access to justice" report.
650 _aACCESS TO JUSTICE
650 _aDISCOVERY
650 _aWOOLF REPORT
690 _aLAW
942 _n0
948 _c04/03/1997
999 _c11503
_d11503